| 000 | 00549nam a22002057a 4500 | ||
|---|---|---|---|
| 003 | OSt | ||
| 005 | 20161006123620.0 | ||
| 008 | 160509b xxu||||| |||| 00| 0 eng d | ||
| 020 | _a0716735407 | ||
| 040 | _cDDC. | ||
| 082 |
_a543 _bHAR 2001 |
||
| 100 |
_aHarris, Daniel C _98281 |
||
| 245 |
_aExploring chemical analysis / _cDaniel C. Harris |
||
| 250 | _a2nd.ed | ||
| 260 |
_aNew York _bW. H Freeman and company _c2001 |
||
| 300 |
_axiii, 607p; _bCol.ill : _c25 cm |
||
| 504 | _aIncludes index | ||
| 650 |
_aChemistry _9797 |
||
| 942 |
_2ddc _cO_SHELF |
||
| 999 |
_c5310 _d5310 |
||